| 000 | 00451 a2200121 4500 | ||
|---|---|---|---|
| 001 | ART_39037 | ||
| 005 | 20260410161804.0 | ||
| 008 | 260409a | ||
| 245 | 1 | 0 | _aLa necesidad de incorporar en la ley concursal una norma que contenga el plazo de prescripción de la cuota concordataria |
| 100 | 1 | _aJunyent Bas, Francisco | |
| 700 | 1 | _aIzquierdo, Silvina | |
| 773 | 0 |
_tDoctrina Societaria y Concursal _g- Nº 319 (jun. 2014) _wREV4298 |
|
| 999 |
_c20861 _d20861 |
||